000 00479nmm a2200169Ia 4500
008 251105s9999||||xx |||||||||||||||||und||
020 _a9789560002372
041 _aspa
100 _aRadrigán, Juan
245 0 _aHechos consumados 11 obras
264 _a[Santiago de Chile, Chile] :
_bLOM Ediciones,
_c1998
300 _a256 páginas
490 _aEntre Mares
650 _aLatin American theater
856 _uhttps://public.digitaliapublishing.com/a/13195
942 _cCF
999 _c93462
_d93462